Library of the University of Algiers 3
Ibrahim Sultan Cheibout
شعار جامعة الجزائر 3
مكتبة جامعة الجزائر 3
إبراهيم سلطان شيبوط

التنظيم الإداري في المنظمات المعاصرة : (رقم التسجيلة. 42173)

تفاصيل مارك
000 -LEADER
fixed length control field 01425nam a2200217Ia 4500
003 - CONTROL NUMBER IDENTIFIER
control field Ost
005 - DATE AND TIME OF LATEST TRANSACTION
control field 20260507075012.0
008 - FIXED-LENGTH DATA ELEMENTS--GENERAL INFORMATION
fixed length control field 260507s9999||||xx |||||||||||||| ||und||
040 ## - CATALOGING SOURCE
Transcribing agency fsecg
041 ## - LANGUAGE CODE
Language code of text/sound track or separate title ara
082 ## - DEWEY DECIMAL CLASSIFICATION NUMBER
Classification number 658
100 ## - MAIN ENTRY--PERSONAL NAME
Personal name أبوبكر، مصطفى محمود
Relator term مؤلف
245 #0 - TITLE STATEMENT
Title التنظيم الإداري في المنظمات المعاصرة :
Remainder of title مدخل تطبيقي لإعداد وتطوير التنظيم الإداري للمنشآة المتخصصة(شركات استثمار عقاري-مكاتب إستشارية)-(فنادق-منشآت سياحية-مستشفيات) /
Statement of responsibility, etc. مصطفى محمود أبوبكر
260 ## - PUBLICATION, DISTRIBUTION, ETC.
Place of publication, distribution, etc. القاهرة:
Name of publisher, distributor, etc. الدار الجامعية,
Date of publication, distribution, etc. 2003
300 ## - PHYSICAL DESCRIPTION
Extent 547 صفحة؛
Dimensions 24 سم
520 ## - SUMMARY, ETC.
Summary, etc. أنواع وخصائص المنظمات وأسس تحديد التنظيم الإداري الملائم-بيئة المنظمة والتنظيم الإداري الملائم-التنظيم الإداري الفعال-الهيكل التنظيمي-الإختصاصات التنظيمية-الهيكل الوظيفي ونظام الصلاحيات-الرؤية الإستراتيجية لإعداد وتطوير التنظيم الإداري-الإطار العام لتقديم خدمات إعداد وتطوير التنظيم
653 ## - INDEX TERM--UNCONTROLLED
Uncontrolled term الادارة العامة
653 ## - INDEX TERM--UNCONTROLLED
Uncontrolled term التنظيم
653 ## - INDEX TERM--UNCONTROLLED
Uncontrolled term المنظمات
942 ## - ADDED ENTRY ELEMENTS (KOHA)
Koha item type كتب
المقتنيات
Withdrawn status Lost status Source of classification or shelving scheme Damaged status Not for loan Home library Current library Date acquired Serial enumeration / chronology Inventory number Total checkouts Full call number Barcode Date last seen Price effective from Koha item type
    Dewey Decimal Classification   NOT LOAN / إعارة داخلية مكتبة كلية العلوم الإقتصادية والعلوم التجارية وعلوم التسيير مكتبة كلية العلوم الإقتصادية والعلوم التجارية وعلوم التسيير 07/05/2026 الطابق الأرضي 42005   أ/15ن1 42005 07/05/2026 07/05/2026 كتب
    Dewey Decimal Classification   Available مكتبة كلية العلوم الإقتصادية والعلوم التجارية وعلوم التسيير مكتبة كلية العلوم الإقتصادية والعلوم التجارية وعلوم التسيير 07/05/2026 الطابق الأرضي 42036   أ/15ن2 42036 07/05/2026 07/05/2026 كتب
    Dewey Decimal Classification   Available مكتبة كلية العلوم الإقتصادية والعلوم التجارية وعلوم التسيير مكتبة كلية العلوم الإقتصادية والعلوم التجارية وعلوم التسيير 07/05/2026 الطابق الأرضي 42064   أ/15ن3 42064 07/05/2026 07/05/2026 كتب
    Dewey Decimal Classification   Available مكتبة كلية العلوم الإقتصادية والعلوم التجارية وعلوم التسيير مكتبة كلية العلوم الإقتصادية والعلوم التجارية وعلوم التسيير 07/05/2026 الطابق الثاني 42095   أ/15ن4 42095 07/05/2026 07/05/2026 كتب

موارد الويب المفتوحة


© University of Algiers 3 All Rights Reserved
|
Implemented by LECHELAH Riad